000 00724nam a2200241 a 4500
001 BRCA_6919
005 20190320205636.0
008 161111s1907----fr-#######---#000-0#fre-#
041 _afre
044 _afr
050 4 _aHG2714
_b.F38
100 1 _aFavre, Jean
_917241
245 1 0 _aLes banques au Mexique
_borganisation et développement
_cpar Jean Favre
260 _aParís, Francia
_bMarcel Rivière
_c1907
300 _avi, 92 p.
_c19 cm.
440 0 _aBibliothèque du monde économique
_917242
500 _aEstado físico: cubiertas y lomo desprendidos
500 _aO137
650 1 4 _aBancos y operaciones bancarias
_zMéxico
_98161
651 4 _aMéxico
_xEconómia
_916888
902 _aGFM
942 _2lcc
_cB
999 _c6601
_d6601